000 00932nac a2200289 a 4500
003 CO-PeBPM
005 20250308184219.0
007 ta
008 250308s2009 ck a|||| |||| 00| 0 spa d
020 _aISBN: 9789587192926
040 _aCO-PeBPM
_bspa
_cCO-PeBPM
_erda
041 _aspa
082 0 4 _a636.0831 A189e
_222
100 1 0 _aAcuña Caita, John Fabio
_eautor
245 1 0 _aEstructuras para alojamiento animal
_c/ John Fabio Acuña Caita
250 _aPrimera edición
260 _aBogotá, Colombia
_b: Universidad Nacional de Colombia
_c, 2009
300 _a91 páginas
_bilustraciones en blanco y negro
_c24 centímetros
500 _aIncluye índice
504 _aContiene Bibliografía al final del texto
650 1 4 _aAlojamiento animal
_2LEMB
650 1 4 _aGanado
_2LEMB
650 1 4 _aEstablos lecheros
_2LEMB
650 1 4 _aAves de corral
_2LEMB
650 1 4 _aAves domešticas
_2LEMB
942 _2ddc
_cBK
_n0
999 _c60598
_d60598